UFC Name a Valid Fighter Pt. 2 - Statistics

General Stats
  • This quiz has been taken 90 times
  • The average score is 9 of 15
Answer Stats
Name a fighter that... Fighter % Correct
Has lost to Conor McGregor in the UFC Donald Cerrone/ Eddie Alvarez/ Nate Diaz/ José Aldo/ Chad Mendes/ Dennis Siver/ Dustin Poirier/ Diego Brandao/ Max Holloway/ Marcus Brimage
92%
Fought on the UFC 300 main card Alex Pereira/ Jamahal Hill/ Zhang Weili/ Xiaonan Yan/ Max Holloway/ Justin Gaethje/ Arman Tsarukyan/ Charles Oliveira/ Bo Nickal/ Cody Brundage
88%
Has represented Spain Ilia Topuria/ Joel Alvarez/ Daniel Barez/ Hecher Sosa
82%
Has beaten Merab in the UFC Petr Yan/ Ricky Simon/ Frankie Saenz
76%
Has drawn in a title fight B.J. Penn/ Caol Uno/ Frankie Edgar/Gray Maynard/ Tyron Woodley/ Stephen Thompson/ Deiveson Figueiredo/ Brandon Moreno/ Magomed Ankalaev/ Jan Blachowicz/ Valentina Shevchenko/ Alexa Grasso
71%
Is siblings with a UFC Champion Antonina Shevchenko/ Mohammed Usman/ Ken Shamrock/ Sergio Pettis/ Nick Serra/ Mark Hughes/ Francisco Figueiredo/ Aleksandre Topuria
67%
Is 5'3 or shorter John Lineker/ John Dodson/ Demetrious Johnson/ Hector Sandoval
67%
Has Fought Islam Makhachev AND Khabib Nurmagomedov Dustin Poirier/ Gleison Tibau
65%
Was the inaugural champion for their weight class Demetrious Johnson/ Dominick Cruz/ Jose Aldo/ Jens Pulver/ Pat Miletich/ Dave Menne/ Frank Shamrock/ Mark Coleman/ Carla Esparza/ Nicco Montaño/ Ronda Rousey/ Germaine de Randamie
61%
Is from Lafayette, Louisiana Dustin Poirier/ Daniel Cormier/ Carli Judice
61%
Is 6'8 or taller Tallison Teixeira/ Tim Sylvia/ Gan McGee/ Semmy Schilt/ Stefan Struve
53%
Has played in the NFL Austen Lane/ Zac Pauga/ Greg Hardy/ Matt Mitrione/ Josh Hokit/ Gable Steveson
52%
Is listed is the Road House 2 cast Michael Chandler/ Dustin Poirier/ Michael Page/ Stephen Thompson/ Tyron Woodley
21%
To become Champion in the UFC AND the PFL/ Bellator Kayla Harrison/ Eddie Alvarez/ Cristiane Justino
20%
Has walked out to a song they made themselves Daniel Rodriguez
9%
No matching quizzes found
Score Distribution
Percent of People with Each Score
Percentile by Number Answered
Your Score History
You have not taken this quiz